[Event "Team men PL"]
[Site "Sochi"]
[Date "2020.11.28"]
[Round "9.30"]
[White "Yuffa, Daniil"]
[Black "Zakhartsov, Vladimir"]
[Result "1-0"]
[BlackElo "2484"]
[WhiteElo "2565"]
[LiveChessVersion "1.4.8"]

1.d4 {[%clk 1:30:45]} Nf6 {[%clk 1:30:53]} 2.c4 {[%clk 1:31:05]}
e6 {[%clk 1:31:16]} 3.g3 {[%clk 1:31:31]} Bb4+ {[%clk 1:31:33]}
4.Bd2 {[%clk 1:31:54]} Be7 {[%clk 1:31:56]} 5.Bg2 {[%clk 1:32:19]}
d5 {[%clk 1:32:20]} 6.Nf3 {[%clk 1:32:45]} O-O {[%clk 1:32:37]}
7.O-O {[%clk 1:33:11]} Nbd7 {[%clk 1:32:59]} 8.Bc3 {[%clk 1:33:28]}
c6 {[%clk 1:16:19]} 9.Nbd2 {[%clk 1:32:14]} b6 {[%clk 1:13:20]}
10.b4 {[%clk 1:25:30]} c5 {[%clk 1:06:04]} 11.bxc5 {[%clk 1:21:43]}
bxc5 {[%clk 1:05:39]} 12.Ne5 {[%clk 1:21:48]} Qc7 {[%clk 1:03:10]}
13.Nxd7 {[%clk 1:07:05]} Bxd7 {[%clk 1:00:33]} 14.dxc5 {[%clk 1:06:40]}
Rac8 {[%clk 0:55:23]} 15.Rb1 {[%clk 0:47:36]} Rfd8 {[%clk 0:47:04]}
16.Nb3 {[%clk 0:32:34]} Ba4 {[%clk 0:41:00]} 17.Ba5 {[%clk 0:31:51]}
Qxa5 {[%clk 0:40:40]} 18.Nxa5 {[%clk 0:32:12]} Bxd1 {[%clk 0:41:06]}
19.Rfxd1 {[%clk 0:32:34]} Bxc5 {[%clk 0:40:56]} 20.Nb7 {[%clk 0:28:29]}
Re8 {[%clk 0:39:47]} 21.cxd5 {[%clk 0:27:54]} exd5 {[%clk 0:40:06]}
22.Bxd5 {[%clk 0:26:47]} Nxd5 {[%clk 0:32:12]} 23.Rxd5 {[%clk 0:27:00]}
Bf8 {[%clk 0:32:05]} 24.Rb2 {[%clk 0:22:47]} Ba3 {[%clk 0:28:19]}
25.Rb3 {[%clk 0:21:04]} Bf8 {[%clk 0:28:33]} 26.Rd2 {[%clk 0:19:49]}
Rc1+ {[%clk 0:28:22]} 27.Kg2 {[%clk 0:20:13]} Rec8 {[%clk 0:28:44]}
28.Rbd3 {[%clk 0:17:56]} g6 {[%clk 0:25:46]} 29.g4 {[%clk 0:15:17]}
R8c4 {[%clk 0:23:31]} 30.h3 {[%clk 0:13:14]} Rb1 {[%clk 0:22:01]}
31.Rd7 {[%clk 0:10:56]} Rcc1 {[%clk 0:19:02]} 32.Nd8 {[%clk 0:08:51]}
Rh1 {[%clk 0:19:15]} 33.Nxf7 {[%clk 0:08:15]} Rbg1+ {[%clk 0:19:40]}
34.Kf3 {[%clk 0:08:42]} Rxh3+ {[%clk 0:20:02]} 35.Kf4 {[%clk 0:08:28]}
Rg2 {[%clk 0:12:15]} 36.e3 {[%clk 0:06:47]} h5 {[%clk 0:07:04]}
37.Ne5 {[%clk 0:04:06]} Rhh2 {[%clk 0:05:09]} 38.Kf3 {[%clk 0:03:01]}
Bg7 {[%clk 0:05:26]} 39.Rc2 {[%clk 0:03:08]} a5 {[%clk 0:03:45]}
40.a4 {[%clk 0:32:48]} Bf8 {[%clk 0:31:28]} 41.Rb7 {[%clk 0:26:01]}
Bg7 {[%clk 0:30:03]} 42.Ra7 {[%clk 0:25:37]} Bh6 {[%clk 0:27:16]}
43.Ra8+ {[%clk 0:24:04]} Bf8 {[%clk 0:26:40]} 44.Rxa5 {[%clk 0:23:58]}
Rg1 {[%clk 0:26:51]} 45.Ra8 {[%clk 0:23:21]} hxg4+ {[%clk 0:25:58]}
46.Nxg4 {[%clk 0:21:30]} Rh3+ {[%clk 0:26:09]} 47.Kf4 {[%clk 0:21:40]}
g5+ {[%clk 0:26:20]} 48.Kf5 {[%clk 0:21:09]} Rf3+ {[%clk 0:26:10]} 1-0